[Event "Sevilla op"]
[Site "Sevilla"]
[Date "1999.??.??"]
[Round "8"]
[White "Alonso, Salvador"]
[Black "Spraggett, Kevin"]
[Result "1/2-1/2"]
[WhiteElo "2345"]
[BlackElo "2560"]

1.e4 c5 2.Nf3 e6 3.d4 cxd4 4.Nxd4 a6 5.Nc3 Qc7 6.Be2 b5 7.O-O Bb7 8.Bf3 Nc6
9.Nxc6 dxc6 10.Qe2 e5 11.Bg5 h6 12.Bh4 Be7 13.Bxe7 Nxe7 14.Qe3 c5 15.Nd5 Qd6
16.Nxe7 Qxe7 17.Rfd1 O-O 18.Rd2 Rfd8 19.Rad1 Rxd2 20.Qxd2 Bc6 21.h3 Rc8 22.Qa5 Qb7
23.c3  1/2-1/2

[Event "Villa de Sitges 35th"]
[Site "Sitges"]
[Date "1999.??.??"]
[Round "2"]
[White "Mitkov, Nikola"]
[Black "Marin Ionescu, Luiza"]
[Result "1-0"]
[WhiteElo "2505"]
[BlackElo "2140"]

1.e4 c5 2.Nc3 e6 3.Nf3 a6 4.d4 cxd4 5.Nxd4 Qc7 6.Be3 Nf6 7.Bd3 d6 8.O-O g6
9.Kh1 Bg7 10.f4 O-O 11.Qe1 Nbd7 12.Qh4 b5 13.a3 Bb7 14.Rae1 Rae8 15.Nf3 Qd8
16.f5 exf5 17.exf5 Ne5 18.Nxe5 dxe5 19.Bc5 Qa8 20.Qh3 Nh5 21.Be4 Bxe4 22.Nxe4 Nf4
23.Qg4 h5 24.Qf3 gxf5 25.Ng3 Qxf3 26.Rxf3 Rc8 27.Bxf8 Kxf8 28.c3 Rd8 29.Ref1 Nd3
30.Rxf5 Rd7 31.Nxh5 Bh6 32.Nf6 Re7 33.Ne4 Nxb2 34.Nd6 Kg8 35.Nxf7 Bg7 36.Nd6 e4
37.Rg5 Nc4 38.Nf5 Rd7 39.Rxg7+ Rxg7 40.Nxg7 Kxg7 41.Ra1 Kf6 42.a4 Ke5 43.axb5 axb5
44.Kg1  1-0

[Event "White Nights op"]
[Site "St Petersburg"]
[Date "1999.??.??"]
[Round "4"]
[White "Altshul, Raffael"]
[Black "Shaposhnikov, Evgeny"]
[Result "0-1"]
[WhiteElo "2354"]
[BlackElo "2474"]

1.e4 c5 2.Nf3 e6 3.d4 cxd4 4.Nxd4 a6 5.Nc3 Qc7 6.g4 Bb4 7.Bd2 Nc6 8.Nxc6 bxc6
9.Bg2 Bd6 10.Ne2 Ne7 11.Bc3 O-O 12.Qd2 Ng6 13.h4 Nf4 14.Bf3 Nxe2 15.Qxe2 Be5
16.Qd3 Bf4 17.h5 h6 18.g5 Bxg5 19.e5 f6 20.Qg6 f5 21.Rg1 Qd8 22.Bb4 Rf7 23.Rd1 Rb8
24.Bc3 Qe7 25.Rd6 Bf4 26.Be2 Bb7 27.Qg2 c5 28.Bf3 Bc8 29.Qf1 Qh4 30.Rh1 Qd8
31.Qc4 Bg5 32.Rg1 Be7 33.Rd2 Qc7 34.b3 Bb7 35.Qe2 Bxf3 36.Qxf3 c4 37.Rg3 cxb3
38.axb3 Bb4 39.Qd3 f4 40.Rf3 Rb5 41.Bxb4 Qxe5+ 42.Qe2 Qxe2+ 43.Kxe2 Rxb4
44.Rd6 Rb5 45.Rxa6 Rxh5 46.b4 Rb5 47.Rb3 f3+ 48.Kd3 Rd5+ 49.Ke3 Re5+ 50.Kd3 Rff5
51.c4 Re2 52.b5 Rxf2 53.Ra1 Rh2 54.Rf1 Ra2 55.b6 Ra8 56.Kd4 f2 57.Rb2 Rb8
58.c5 Rc8 59.b7 Rd5+ 60.Ke4 Rb8 61.Rb5 d6 62.Rxf2 Rxc5 63.Rxc5 dxc5 64.Rb2 Kf7
65.Ke5 Ke7 66.Rg2 Kd7 67.Rxg7+ Kc6 68.Rg6 Rxb7 69.Rxe6+ Kb5 70.Rxh6 Rd7 71.Ke4 c4
72.Rh8 Kb4  0-1

[Event "SVK-chT 9899"]
[Site "SVK"]
[Date "1999.??.??"]
[Round "10"]
[White "Ciganikova, Andrea"]
[Black "Zetocha, Claudiu"]
[Result "0-1"]
[WhiteElo "2135"]
[BlackElo "2400"]

1.e4 c5 2.Nf3 e6 3.d4 cxd4 4.Nxd4 a6 5.Nc3 Qc7 6.Be2 Nf6 7.f4 d6 8.O-O Be7
9.Kh1 Nc6 10.Be3 O-O 11.Qe1 Na5 12.Rd1 b5 13.Bf3 Bb7 14.e5 Ne8 15.Ne4 Nc4
16.exd6 Nexd6 17.Bc1 Nxe4 18.Bxe4 Rad8 19.b3 Nd6 20.Bxb7 Qxb7 21.Ba3 Qb6
22.Bb4 Rc8 23.Nxe6 Rfe8 24.Qe5 Nf5 25.Qxf5 fxe6 26.Qe4 Bxb4 27.Qxb4 Rxc2
28.Rd2 a5 29.Qd6 Qxd6 30.Rxd6 Rxa2 31.Rb6 b4 32.h3 Rb2 33.Rf3 h5 34.h4 Re7
35.Ra6 Ra2 36.Re3 Kf7 37.Re5 g6 38.Rexa5 Rf2 39.Ra4 Rxf4 40.Rb6 Rxh4+ 41.Kg1 Rc7
42.Raxb4 Rc1+ 43.Kf2 Rxb4 44.Rxb4 Kf6 45.Rf4+ Ke5 46.Rf3 Rc2+ 47.Kg3 g5 48.Re3+ Kf5
49.Rf3+ Ke4 50.Kh2 Rb2 51.Rc3 e5 52.Rc4+ Kf5 53.b4 h4 54.Kh3 Rb3+ 55.Kh2 g4
56.Rc8 Rxb4 57.Rf8+ Ke4 58.Rh8 Rb1 59.Rxh4 Kf4 60.g3+ Kf3 61.Rh5 Rb2+ 62.Kg1 Kxg3
63.Kf1 e4 64.Re5 Kf4 65.Re8 e3 66.Rf8+ Kg3 67.Re8 e2+ 68.Ke1 Kg2 69.Rg8 Rb4
70.Re8 g3 71.Kxe2 Rf4 72.Re7 Rf6 73.Re8 Kg1 74.Rg8 g2 75.Rg7 Re6+ 76.Kd3 Rh6  0-1

[Event "SVK-chT 9899"]
[Site "SVK"]
[Date "1999.??.??"]
[Round "10"]
[White "Vojtek, Vladimir"]
[Black "Mrva, Martin"]
[Result "1/2-1/2"]
[WhiteElo "2335"]
[BlackElo "2435"]

1.e4 c5 2.Nf3 a6 3.Nc3 e6 4.d4 cxd4 5.Nxd4 Qc7 6.g3 Bb4 7.Bd2 Nf6 8.Bg2 Nc6
9.Nb3 Be7 10.O-O O-O 11.Bf4 d6 12.a4 Ne5 13.Nd2 Bd7 14.a5 Rac8 15.Qe2 Rfe8
16.h3 Nc6 17.Nb3 e5 18.Be3 Be6 19.Bb6 Qb8 20.Nd5 Bd8 21.Rfd1 Nd7 22.Be3 Bxd5
23.Rxd5 Bc7 24.h4 Rcd8 25.Rdd1 Nf8 26.Bg5 Rd7 27.Bh3 Ne6 28.Qc4 Qc8 29.Rd3 Bd8
30.Be3 Rc7 31.Qa4 Be7 32.Bb6 Rd7 33.Rad1 Nb8 34.Bxe6 fxe6 35.Nc5 Rdd8 36.Bxd8 Rxd8
37.Nb3 Qxc2 38.R3d2 Qc6 39.Qb4 Qc7 40.Rc1 Nc6 41.Qc4 Qc8 42.Kg2 g5 43.h5 Kh8
44.Rcd1 Rf8 45.Qe2 Rf6 46.Rd3 Qe8 47.Qg4 Rh6 48.R1d2 Qf7 49.Rxd6 Bxd6 50.Rxd6 Qe7
51.Rd3 Rf6 52.Qd1 Qb4 53.Qe2 Kg7 54.Rf3 h6 55.Rxf6 Kxf6 56.Qd3 Ke7 57.Qc2 Kd6
58.Qd3+ Nd4 59.Nd2 Kc5 60.Nf3 Nxf3 61.Kxf3 Qxb2 62.Qd8 Qb3+ 63.Kg2 g4 64.Qf8+ Kb5
65.Qxh6 Qf3+ 66.Kg1 Qxe4 67.Qe3 Qb1+ 68.Kh2 Qf5 69.h6 Kxa5  1/2-1/2

[Event "SWE-chT 9899"]
[Site "Sweden"]
[Date "1999.??.??"]
[Round "11"]
[White "Ernst, Thomas"]
[Black "Olausson, Claes Goran"]
[Result "1/2-1/2"]
[WhiteElo "2504"]
[BlackElo "2283"]

1.e4 c5 2.Nf3 e6 3.d4 cxd4 4.Nxd4 a6 5.Nc3 Qc7 6.f4 b5 7.Bd3 Bb7 8.Qe2 Bc5
9.Nb3 Be7 10.Bd2 Nf6 11.O-O O-O 12.e5 Nd5 13.f5 exf5 14.Bxf5 Nxc3 15.Bxc3 b4
16.Bd2 Nc6 17.Rae1 d6 18.e6 fxe6 19.Qxe6+ Kh8 20.Bxh7 Kxh7 21.Qh3+ Kg8 22.Qe6+ Kh7  1/2-1/2

[Event "SWZ-chT"]
[Site "SWZ"]
[Date "1999.??.??"]
[Round "8"]
[White "Guex, Pascal"]
[Black "Salvetti, Alec"]
[Result "1/2-1/2"]
[WhiteElo "2238"]
[BlackElo "2280"]

1.e4 c5 2.Nf3 e6 3.d4 cxd4 4.Nxd4 a6 5.Nc3 b5 6.Bd3 d6 7.O-O Nf6 8.a4 b4
9.Nb1 Be7 10.c3 bxc3 11.Nxc3 Bb7 12.Qe2 Nbd7 13.Be3 Nc5 14.f3 Nxd3 15.Qxd3 O-O
16.Rfd1 Qb8 17.a5 d5 18.exd5 Nxd5 19.Nxd5 Bxd5 20.Nf5 Bf6 21.Bb6 Qb7 22.Rac1 Bc6
23.Nd6 Qd7 24.Ne4 Qxd3 25.Nxf6+ gxf6 26.Rxd3 Bb5 27.Rdc3 e5 28.Rc5 Rfe8 29.Kf2 Kg7
30.Rd1 Rac8 31.Rdc1 Rxc5 32.Rxc5 Re6 33.Bc7 h5 34.h4 Re7 35.Bd6 Rd7 36.Rd5 Kg6
37.Rd2 f5 38.Bb4 Bd3 39.Bc3 f6 40.g3 Kf7 41.Ke3 e4 42.fxe4 fxe4 43.Rf2 Rd6
44.Rf5 Kg6 45.Rc5 Bb1 46.Bd4 Bd3 47.Bc3  1/2-1/2

[Event "Isla de Tenerife op"]
[Site "Tenerife"]
[Date "1999.??.??"]
[Round "7"]
[White "Dimitrov, Vladimir"]
[Black "Strikovic, Aleksa"]
[Result "1/2-1/2"]
[WhiteElo "2469"]
[BlackElo "2523"]

1.e4 c5 2.Nf3 e6 3.Nc3 a6 4.d4 cxd4 5.Nxd4 b5 6.Bd3 Qc7 7.O-O Nc6 8.Nxc6 dxc6
9.a4 b4 10.Nb1 Nf6 11.Nd2 e5 12.a5 Bc5 13.Nc4 Be6 14.Qe1 O-O 15.Bd2 b3 16.Bc3  1/2-1/2

[Event "RUS-Cup"]
[Site "Tula "]
[Date "1999.??.??"]
[Round "1"]
[White "Shomoev, Anton"]
[Black "Kostenko, Petr"]
[Result "0-1"]
[WhiteElo "2105"]
[BlackElo "2468"]

1.e4 c5 2.Nf3 e6 3.d4 cxd4 4.Nxd4 a6 5.Nc3 b5 6.Bd3 Qb6 7.Nb3 Qc7 8.O-O Bb7
9.f4 Nf6 10.Qe2 b4 11.Nd1 Be7 12.Nf2 d6 13.Bd2 Nc6 14.Rae1 a5 15.c3 e5 16.fxe5 dxe5
17.Ng4 bxc3 18.Nxf6+ Bxf6 19.bxc3 Ne7 20.Be3 O-O 21.Nc5 Bc6 22.Na6 Qd7 23.Rb1 Ng6
24.Nc5 Qc7 25.Na6 Qc8 26.Nc5 Nf4 27.Bxf4 exf4 28.e5 f3 29.Bxh7+ Kxh7 30.Qd3+ g6
31.exf6 Qg4 32.g3 Rad8  0-1

[Event "RUS-Cup"]
[Site "Tula "]
[Date "1999.??.??"]
[Round "6"]
[White "Goloshchapov, Alexander"]
[Black "Kotsur, Pavel"]
[Result "1/2-1/2"]
[WhiteElo "2446"]
[BlackElo "2499"]

1.e4 c5 2.Nf3 e6 3.d4 cxd4 4.Nxd4 a6 5.Nc3 Qc7 6.Be3 Nf6 7.Bd3 b5 8.f4 Bb7
9.Qf3 d6 10.a3 Nbd7 11.g4 h6 12.h4 h5 13.g5 Ng4 14.g6 Nc5 15.gxf7+ Qxf7 16.O-O-O g6
17.Kb1 e5 18.Nde2 Ne6 19.Bc1 Bh6 20.Bxb5+ axb5 21.Nxb5 Bf8 22.Rxd6 Ra6 23.Rhd1 Bxd6
24.Nxd6+ Rxd6 25.Rxd6 O-O 26.f5 gxf5 27.Qxf5 Qxf5 28.exf5 Ng7 29.Rb6 Be4
30.Ng3 Bxf5 31.a4 Bh7 32.Rc6 Rf3 33.Rc8+ Rf8 34.Rxf8+ Kxf8 35.a5 Nf5 36.Nxh5 Nd4
37.a6 Bxc2+ 38.Ka2 Nc6 39.Ka3 Bd3 40.b4 Bxa6 41.Ka4 Nd4 42.Ng3 Bd3 43.Bb2 Ke7
44.Bxd4 exd4 45.b5 Kd6 46.Kb4 Ne3 47.h5 Nf5 48.Nh1 Be2 49.Nf2 Kd5 50.Nh3 Ke4
51.b6 Ba6 52.Nf2+ Kf3 53.Nd3 Nd6 54.Nc5 d3 55.Nxd3 Bxd3 56.Kc5 Nb7+ 57.Kc6 Be4+
58.Kc7 Nc5 59.Kd6 Na6 60.Ke5 Nc5 61.h6 Nd7+ 62.Ke6 Nxb6 63.Kf7 Nd5 64.Kg7  1/2-1/2

[Event "Mislata op8th"]
[Site "Valencia"]
[Date "1999.??.??"]
[Round "1"]
[White "Ibarra Jerez, Juan Miguel"]
[Black "Braga, Fernando"]
[Result "1/2-1/2"]
[WhiteElo "1905"]
[BlackElo "2461"]

1.e4 c5 2.Nf3 e6 3.d4 cxd4 4.Nxd4 a6 5.Nc3 b5 6.Be3 Bb7 7.f3 Nf6 8.Qd2 Qc7
9.Be2 b4 10.Na4 d5 11.e5 Nfd7 12.f4 Nc6 13.b3 Rc8 14.Rc1 Nxd4 15.Bxd4 Nc5
16.Nxc5 Bxc5 17.O-O O-O 18.Kh1 Bxd4 19.Qxd4 Qc5 20.Qd3 Qc3 21.Qd1 f5 22.exf6 Qxf6
23.Bd3 a5 24.Qg4 Rce8 25.Rce1 e5 26.fxe5 Rxe5 27.Qd1 Rxe1 28.Qxe1 Qd6 29.Rxf8+ Kxf8
30.Qf2+ Kg8 31.h3 g6 32.Qa7 Qe7 33.Qxa5 Qe1+ 34.Kh2 Qe5+  1/2-1/2

[Event "Mislata op8th"]
[Site "Valencia"]
[Date "1999.??.??"]
[Round "6"]
[White "Torres Sanchez, Jose"]
[Black "Pavia Miralles, Jose Manuel"]
[Result "1/2-1/2"]
[WhiteElo "2210"]
[BlackElo "2313"]

1.e4 c5 2.Nf3 e6 3.d4 cxd4 4.Nxd4 a6 5.Nc3 Qc7 6.Bd3 b5 7.O-O Bb7 8.a3 Nf6
9.Kh1 Be7 10.f4 d6 11.Qe1 Nbd7 12.b4 O-O 13.a4 d5 14.exd5 Nxd5 15.Nxd5 Bxd5
16.axb5 axb5 17.Rxa8 Rxa8 18.Bd2 Bf6 19.Nxb5 Qc6 20.Qe2 Nb6 21.Be3 Nc4 22.Nd4 Qc7
23.Nf3 Nb2 24.c4 Nxc4 25.Rc1 Ra1 26.Rxa1 Bxa1 27.Bd4 Bxd4 28.Nxd4 Qb6 29.Nc2 Qa6
30.h3 Qa2 31.Bxc4 Bxc4 32.Qd2 h6 33.Qc3 Bb3 34.Ne3 Ba4 35.Qd4 Qf2 36.Qd8+ Kh7
37.Qd3+ Kg8 38.Qe4 Bb5 39.Qa8+ Kh7 40.Qe4+ Kg8 41.Qa8+ Kh7 42.Qe4+ Kg8  1/2-1/2

[Event "JUG-chT"]
[Site "Vrnjacka Banja"]
[Date "1999.??.??"]
[Round "1"]
[White "Ristic, Nebojsa"]
[Black "Strikovic, Aleksa"]
[Result "0-1"]
[WhiteElo "2368"]
[BlackElo "2518"]

1.e4 c5 2.Nf3 e6 3.d4 cxd4 4.Nxd4 a6 5.Nc3 b5 6.a3 Qc7 7.g3 Nf6 8.Bg2 Nc6
9.Nxc6 dxc6 10.O-O e5 11.Be3 Be6 12.h3 Rd8 13.Qc1 Qc8 14.Kh2 h5 15.f4 h4
16.f5 hxg3+ 17.Kxg3 Bd7 18.Bb6 Bd6 19.Bxd8 Qxd8 20.Qe3 Qe7 21.b4 Nh5+ 22.Kh2 Nf4
23.Ne2 Qg5 24.Nxf4 exf4 25.Qf3 Be5 26.Rad1 g6 27.Rd3 Bc8 28.Kh1 Kf8 29.Qf2 Kg7
30.Qc5 Qf6 31.Rg1 Rh4 32.Rgd1 Rh8 33.Rg1 f3 34.Rxf3 Bd4 35.e5 Qd8 36.f6+ Kh6
37.Qxc6 Bxg1 38.Rd3 Qb6 39.Qe4 Bf2 40.Qf4+ g5 41.Qd2 Re8 42.Rf3 Bh4  0-1

[Event "JUG-chT"]
[Site "Vrnjacka Banja"]
[Date "1999.??.??"]
[Round "2"]
[White "Miranovic, Rajko"]
[Black "Nestorovic, Dejan"]
[Result "1/2-1/2"]
[WhiteElo "2388"]
[BlackElo "2376"]

1.e4 c5 2.Nf3 e6 3.Nc3 a6 4.d4 cxd4 5.Nxd4 b5 6.Bd3 Qb6 7.Nb3 Qc7 8.O-O Bb7
9.f4 b4 10.Nb1 d6 11.Be3 Nf6 12.N1d2 Nbd7 13.Kh1 Be7 14.Qe1 O-O 15.Qg3 e5
16.fxe5 dxe5 17.Bh6 Nh5 18.Qf3 Nhf6 19.Bg5 a5 20.Nc4  1/2-1/2

[Event "JUG-chT"]
[Site "Vrnjacka Banja"]
[Date "1999.??.??"]
[Round "5"]
[White "Pavlovic, Milos"]
[Black "Nestorovic, Dejan"]
[Result "1-0"]
[WhiteElo "2500"]
[BlackElo "2376"]

1.e4 c5 2.Nf3 e6 3.Nc3 a6 4.d4 cxd4 5.Nxd4 b5 6.Bd3 Qb6 7.Nb3 Qc7 8.Be3 Nf6
9.f4 Bb7 10.O-O h5 11.Qe2 Ng4 12.Bd2 Nc6 13.Kh1 g5 14.h3 gxf4 15.Bxf4 Bd6
16.Qd2 Bxf4 17.Rxf4 Nge5 18.Qf2 Ne7 19.Rf1 Rh7 20.Nc5 N7g6 21.Nxb7 Nxd3 22.cxd3 Nxf4
23.Nc5 Ng6 24.e5 Qxe5 25.N3e4 f5 26.d4 Qh8 27.Ng5 Re7 28.d5 Qf6 29.h4 Nf8
30.Qf3 Ra7 31.d6 Rg7 32.Rc1 Rxg5 33.Ne4 Qg6 34.Nxg5 Kd8 35.Qc3  1-0

[Event "Wisla Hugart op (Women)"]
[Site "Warsaw"]
[Date "1999.??.??"]
[Round "?"]
[White "Kozlova, Olga"]
[Black "Agababean, Naira"]
[Result "1-0"]
[WhiteElo "2260"]
[BlackElo "2352"]

1.e4 c5 2.Nf3 e6 3.d4 cxd4 4.Nxd4 a6 5.Nc3 b5 6.a3 Bb7 7.Bd3 Qb6 8.Nb3 Qc7
9.Be3 Nf6 10.f4 d6 11.Qf3 Nbd7 12.g4 Nc5 13.Nd2 d5 14.Bxc5 Bxc5 15.e5 Nd7
16.Nb3 Bb6 17.O-O-O O-O-O 18.Ne2 Kb8 19.Kb1 Nc5 20.Nxc5 Bxc5 21.Nc1 Rc8 22.h4 Bb6
23.Qe2 Qc6 24.Rhf1 Rc7 25.h5 h6 26.Nb3 Rhc8 27.g5 Qd7 28.gxh6 gxh6 29.f5 Rg8
30.fxe6 fxe6 31.Rf6 Bc8 32.Rxh6 Qe8 33.Rg6 Rh8 34.Rh1 Rf7 35.h6 Qf8 36.Ka2 Rf2
37.Qg4 Rf4 38.Qh5 Bd7 39.Rg7 Bc8 40.Qg6 Bc7 41.Rh5 b4 42.h7 Qd8 43.Rg8 Rf8
44.Rg5 bxa3 45.Qg7  1-0

[Event "Hilton Open"]
[Site "Basel SUI"]
[Date "2000.01.01"]
[Round "2"]
[White "Sokolov,An"]
[Black "Milosevic,G"]
[Result "1-0"]
[WhiteElo "2565"]
[BlackElo "2330"]

1.e4 c5 2.Nf3 e6 3.d4 cxd4 4.Nxd4 a6 5.Nc3 Qc7 6.Bd3 Nf6 7.O-O d6 8.f4 Be7
9.Nf3 Nc6 10.Qe2 O-O 11.Kh1 Re8 12.e5 Nd7 13.Ng5 g6 14.Nxf7 Kxf7 15.f5 Kg8
16.fxg6 Rf8 17.gxh7+ Kh8 18.Qg4  1-0

[Event "ch-AUS"]
[Site "Mingara NSW AUS"]
[Date "2000.01.06"]
[Round "9"]
[White "Canfell,G"]
[Black "Johansen,D"]
[Result "0-1"]
[WhiteElo "2280"]
[BlackElo "2496"]

1.e4 c5 2.Nf3 e6 3.d4 cxd4 4.Nxd4 a6 5.Nc3 b5 6.Bd3 Bb7 7.O-O Ne7 8.Qh5 Nbc6
9.Nf3 Ng6 10.a4 b4 11.Nd5 Qa5 12.Bg5 Bc5 13.Rfe1 O-O 14.Bf6 exd5 15.e5 Nce7
16.Kh1 Qb6 17.a5 Qc6 18.Bxe7 Bxe7 19.Nd4 Qc7 20.f4 d6 21.e6 Bf6 22.exf7+ Qxf7
23.Ne6 Rfe8 24.Bf5 Nf8 25.Qh3 Bc8 26.Nxf8 Bxf5 27.Qxf5 Rxe1+ 28.Rxe1 Rxf8
29.Qd3 Qb7 30.Re6 Qc6 31.f5 Qc4 32.Rxd6 Re8 33.Kg1  0-1

[Event "Troll Masters"]
[Site "Gausdal NOR"]
[Date "2000.01.11"]
[Round "3"]
[White "Hersvik,D"]
[Black "Bellin,J"]
[Result "0-1"]
[WhiteElo "2165"]
[BlackElo "2163"]

1.e4 c5 2.Nf3 e6 3.d4 cxd4 4.Nxd4 a6 5.Nc3 Qc7 6.Bd3 Bc5 7.Nb3 Be7 8.O-O Nf6
9.f4 d6 10.a4 Nc6 11.Be3 b6 12.Qf3 Rb8 13.g4 Bb7 14.g5 Nd7 15.Qh3 Nb4 16.g6 fxg6
17.Qxe6 Nxd3 18.cxd3 Nc5 19.Qc4 Qd7 20.Bd4 Qe6 21.Nxc5 Qxc4 22.dxc4 bxc5
23.Bxg7 Rg8 24.Bh6 Bc6 25.Rab1 g5 26.fxg5 Bxg5 27.Bxg5 Rxg5+ 28.Kf2 Rh5 29.Kg2 Kd7
30.Rf3 Rh4 31.Kg3 Rxe4 32.Nxe4 Bxe4 33.Rf7+ Ke6 34.Rbf1 Rxb2 35.Ra7 Ke5 36.Rxa6 Rg2+
37.Kh3 Rc2 38.Rd1 Rc3+ 39.Kh4 Rxc4 40.Rdxd6 Bc6+ 41.Kg5 Kxd6  0-1

[Event "Kasparov Cadet GP"]
[Site "Internet"]
[Date "2000.01.11"]
[Round "1.2"]
[White "Belov,V"]
[Black "Alcazar Jimenez,J"]
[Result "1-0"]
[WhiteElo "2334"]
[BlackElo "2177"]

1.e4 c5 2.Nf3 e6 3.d4 cxd4 4.Nxd4 a6 5.Nc3 Qb6 6.a3 Nc6 7.Be3 Bc5 8.Na4 Qa5+
9.b4 Qxa4 10.bxc5 Nf6 11.f3 O-O 12.Be2 Qa5+ 13.Kf2 Ne5 14.Nb3 Qc7 15.Qd4 Nc6
16.Qd6 Ne8 17.Qxc7 Nxc7 18.f4 f5 19.e5 Nd5 20.Bd2 Rb8 21.c4 Nde7 22.Be3 g5
23.g3 Ng6 24.Rad1 Rf7 25.Bf3 Rg7 26.Rhg1 Ra8 27.Rd2 a5 28.Rb1 Rf7 29.Bh5 g4
30.h3 gxh3 31.Kg1 a4 32.Nd4 Nxd4 33.Rxd4 Rg7 34.Kh2 Ne7 35.Rd6 Nc6 36.Bd2 Kf8
37.Bc3 Ke7 38.Bf3 Rg8 39.Kxh3 Ra6 40.Kg2 Kd8 41.Rb6 Rxb6 42.cxb6 Nb8 43.Rd1 Na6
44.Bb4 Nb8 45.Kf2 Nc6 46.Bc3 Ke7 47.Rh1 Rg7 48.Bd1 Rf7 49.c5 Kd8 50.Bxa4 Ne7
51.Bb3 Nc6 52.Bc4 Rg7 53.Be2 Ne7 54.Bf3 Nc6 55.a4 Nb8 56.Rb1 Na6 57.Bd4 Rg8
58.Be3 Rh8 59.Be2 Nb8 60.a5 h5 61.a6 bxa6 62.b7 Kc7 63.bxc8=Q+ Rxc8 64.Bxh5 Kd8
65.Bf3 Ke7 66.Rb7 Rh8 67.Bg2 Rc8 68.Bd2 Nc6 69.Bxc6 Rxc6 70.Be3 Kd8 71.Rb6 Kc7
72.Ke2 a5 73.Kd3 a4 74.Kc4 a3 75.Kb3 Kc8 76.Kxa3 Kc7 77.Kb4 Kc8 78.Rxc6+ dxc6
79.Ka5 Kb7 80.Bd4 Ka7 81.Kb4 Kb7 82.Bf2 Kc7 83.Kc4 Kd7 84.Kd4 Ke7 85.g4 fxg4
86.Bh4+ Kf7 87.Ke4 Kg6 88.Bg3 Kh6 89.f5 exf5+ 90.Kxf5 Kg7 91.e6 Kf8 92.Kxg4 Ke7
93.Kf5 Ke8 94.Kf6 Kf8 95.Bd6+ Ke8 96.e7 Kd7 97.Kf7 Kc8 98.e8=Q+ Kb7 99.Qd7+  1-0

[Event "Troll Masters"]
[Site "Gausdal NOR"]
[Date "2000.01.12"]
[Round "5"]
[White "Krakops,M"]
[Black "Bellin,J"]
[Result "1-0"]
[WhiteElo "2530"]
[BlackElo "2163"]

1.e4 c5 2.Nf3 e6 3.d4 cxd4 4.Nxd4 a6 5.Nc3 b5 6.Bd3 Qb6 7.Nf3 Nc6 8.O-O Bb7
9.Qe2 Nge7 10.Be3 Qa5 11.a3 Ng6 12.Nd5 exd5 13.exd5 O-O-O 14.dxc6 dxc6 15.Ba7 Ba8
16.a4 Nf4 17.Qe4 Nxd3 18.axb5 Qxb5 19.cxd3 Qxd3 20.Qf4 Bd6 21.Qxf7 Rd7 22.Qe6 Qd5
23.Qxd5 cxd5 24.Rxa6 Bb7 25.Raa1 Re8 26.Bd4 Rc7 27.Bc3 g6 28.Rfd1 Rc4 29.h3 Bc5
30.Kf1 Rf8 31.Bd4 Bxd4 32.Nxd4 Rf4 33.Ne2 Rfe4 34.Nc3 Re6 35.Nxd5 Rc2 36.Rac1  1-0

[Event "ch-Asia"]
[Site "Udaipur IND"]
[Date "2000.01.14"]
[Round "5"]
[White "Peng Xiaomin"]
[Black "Xu Jun"]
[Result "0-1"]
[WhiteElo "2624"]
[BlackElo "2578"]

1.e4 c5 2.Nf3 e6 3.d4 cxd4 4.Nxd4 a6 5.Nc3 b5 6.Bd3 Qb6 7.Be3 Bc5 8.Be2 Nc6
9.Nxc6 dxc6 10.Bxc5 Qxc5 11.Qd3 Nf6 12.O-O-O O-O 13.f4 e5 14.f5 a5 15.g4 a4
16.g5 Nd7 17.Rd2 b4 18.Nd1 Ba6 19.Qxd7 Bxe2 20.Kb1 Bf3 21.Re1 a3 22.g6 fxg6
23.fxg6 axb2 24.Nxb2 Kh8 25.Nd3 Qc4 26.Nc1 Bxe4 27.gxh7 b3 28.Nxb3 Qa4 29.Rg1 Qxa2+
30.Kc1 Qa3+ 31.Kd1 Ra7 32.Qd6 Qxd6 33.Rxd6 Bd5 34.Nc1 Rf2 35.Rdg6 Bf3+ 36.Ke1 Rxc2
37.Nb3 Rxh2  0-1

[Event "VII Anibal Open"]
[Site "Linares ESP"]
[Date "2000.01.15"]
[Round "9"]
[White "Iordachescu,V"]
[Black "Portisch,L"]
[Result "0-1"]
[WhiteElo "2553"]
[BlackElo "2552"]

1.e4 c5 2.Nf3 e6 3.d4 cxd4 4.Nxd4 a6 5.Nc3 Qc7 6.Bd3 Nf6 7.f4 d6 8.Qf3 Be7
9.g4 b5 10.g5 Nfd7 11.a3 Nc6 12.Nxc6 Qxc6 13.Be3 Rb8 14.Ne2 Nc5 15.h4 b4
16.Nd4 Qc7 17.O-O bxa3 18.bxa3 O-O 19.f5 e5 20.Ne2 Bd8 21.Ng3 Nxd3 22.cxd3 Qd7
23.h5 Rb3 24.Rad1 a5 25.Rd2 Ba6 26.h6 g6 27.fxg6 hxg6 28.h7+ Kh8 29.Qh1 Be7
30.Qh6 Qg4 31.Rg2 Rb2 32.Ne2 Qh5 33.Qxh5 gxh5 34.Rgf2 Rxe2 35.Rxe2 Bxd3 36.Rd2 Bxf1
37.Kxf1 Kxh7 38.Rd5 a4 39.Ra5 Kg6 40.Rxa4 Bxg5 41.Bb6 Rc8  0-1

[Event "ch-Asia"]
[Site "Udaipur IND"]
[Date "2000.01.19"]
[Round "9"]
[White "Peng Xiaomin"]
[Black "Kunte,A"]
[Result "1-0"]
[WhiteElo "2624"]
[BlackElo "2487"]

1.e4 c5 2.Nf3 e6 3.Nc3 a6 4.d4 cxd4 5.Nxd4 Qc7 6.Be2 Nf6 7.O-O d6 8.f4 Be7
9.Kh1 Nc6 10.Be3 O-O 11.Qe1 Nxd4 12.Bxd4 b5 13.a3 Bb7 14.Qg3 Rad8 15.Rae1 Kh8
16.Bd3 Nh5 17.Qe3 Rde8 18.e5 dxe5 19.Bxe5 Qc6 20.Qh3 f5 21.Ne4 Nf6 22.Ng5 h6
23.Nf3 Kg8 24.Re2 Bd6 25.Rfe1 Ne4 26.Rxe4 fxe4 27.Bxe4 Qd7 28.Bxd6 Qxd6 29.Bxb7 Rxf4
30.Qh5 Re7 31.Be4 e5 32.h3 Rf6 33.Nh4 Ref7 34.Nf5 Qe6 35.Ne3 Rd7 36.Bf5 Qf7
37.Qxf7+ Rdxf7 38.Be4 Kf8 39.Ng4 Rf1+ 40.Rxf1 Rxf1+ 41.Kh2 Rb1 42.b3 Ra1
43.Nxe5 Rxa3 44.Bd3 Ra2 45.Nc6 a5 46.Nd4 b4 47.Kg3 Ke7 48.Kf3 Kf6 49.Ke4 Ra1
50.Be2 g6 51.Bf3 h5 52.Kd5 h4 53.Ke4 Re1+ 54.Be2 g5 55.Kf3 Ra1 56.Nc6 Rc1
57.Bd3 a4 58.bxa4 b3 59.cxb3 Rxc6 60.Bc4 Rc5 61.Ke4 Rf5 62.Kd4 Ke7 63.Bd3 Rf2
64.Be4 Kd6 65.a5 Rd2+ 66.Kc4 Re2 67.Ba8 Rc2+ 68.Kb5 Ke7 69.b4 Rc1 70.Ka6 Rb1
71.b5 Rb2 72.Bd5 Rb4 73.Bc6 Rb2 74.Ka7 Ra2 75.Bb7  1-0

[Event "ch-BRA"]
[Site "Brasilia BRA"]
[Date "2000.01.20"]
[Round "2"]
[White "Coelho,L"]
[Black "Gauche,C"]
[Result "0-1"]
[WhiteElo "2091"]
[BlackElo "2310"]

1.e4 c5 2.Nf3 e6 3.Nc3 a6 4.d4 cxd4 5.Nxd4 Nc6 6.Nxc6 bxc6 7.Bd3 d5 8.Qe2 Nf6
9.O-O Be7 10.e5 Nd7 11.Na4 Nb6 12.Nxb6 Qxb6 13.Qg4 Bf8 14.Bg5 Qxb2 15.f4 c5
16.f5 Qd4+ 17.Qxd4 cxd4 18.fxe6 Bxe6 19.Rf3 Bc5 20.Raf1 g6 21.h4 Kd7 22.h5 Kc6
23.hxg6 hxg6 24.Rxf7 Bxf7 25.Rf6+ Kb7 26.Rxf7+ Kb6 27.e6 Rhg8 28.e7 Ka5 29.Bh6 Rge8
30.Bf8 Ra7 31.Rf4 Bxe7 32.Bxe7 Rexe7 33.Rxd4 Rad7 34.Bxg6 Re1+ 35.Kf2 Ra1
36.a4 Rd8 37.Bd3 Rd6 38.Be4 Rxa4 39.Rxd5+ Rxd5 40.Bxd5 Rb4 41.Kf3 Kb6 42.Bf7 Kc5
43.g4 Kd6 44.g5 Ke5 45.g6 Kf6 46.Ke3 a5 47.Kd2 a4 48.Kc1 a3 49.c3 Rb2 50.c4 Rb3  0-1

[Event "ch-BRA"]
[Site "Brasilia BRA"]
[Date "2000.01.23"]
[Round "5"]
[White "Guimaraes,W"]
[Black "Gauche,C"]
[Result "0-1"]
[WhiteElo "2320"]
[BlackElo "2310"]

1.e4 c5 2.Nf3 e6 3.d4 cxd4 4.Nxd4 a6 5.Nc3 Qc7 6.g3 Nf6 7.Bg2 d6 8.O-O Bd7
9.Re1 Nc6 10.Nxc6 Bxc6 11.Nd5 Bxd5 12.exd5 e5 13.Be3 Be7 14.Rc1 O-O 15.c4 a5
16.b3 Nd7 17.a3 Rad8 18.b4 f5 19.f3 axb4 20.axb4 Ra8 21.Qb3 Kh8 22.Kh1 g6
23.f4 e4 24.c5 Bf6 25.c6 Nb6 26.cxb7 Qxb7 27.Rc6 Nc8 28.Rec1 Qb5 29.Bf1 Qb8
30.Qc4 Ne7 31.Rc7 Ra4 32.Bd4 Ng8 33.Bc3 Qb6 34.Rc8 Ra8 35.Rc6 Qf2 36.Be1 Qe3
37.Rxd6 Ra3 38.Rxf6 Nxf6 39.Bc3 Kg7 40.Bd4 Qd2 41.Bc3 Qf2 42.Bd4 e3 43.Qe2 Qxe2
44.Bxe2 Kh6 45.d6 Ra2 46.Bc4 Ra4 47.Bc5 Rd8 48.Bb5 Ra2 49.Bc6 Rd2 50.Re1 Ne4
51.Bxe3 R2xd6 52.Bxe4 fxe4 53.Kg2 Kg7 54.b5 Rd1 55.Re2 Rb1 56.b6 Rd3 57.Bc5 Rb5
58.Bf2 Rb4 59.Be3 Kf6 60.g4 Ke6 61.h4 Rdb3 62.h5 gxh5 63.gxh5 Kf5 64.Kg3 Rb1
65.h6 Rh1 66.Kg2 Rhb1 67.Bf2 Kxf4 68.Be3+ Kg4 69.Kf2 R1b3 70.Kg2 Rc4 71.Rf2  0-1

[Event "Corus Reserve Group"]
[Site "Wijk aan Zee NED"]
[Date "2000.01.23"]
[Round "3"]
[White "Stojanovski,D"]
[Black "Bosboom,M"]
[Result "0-1"]
[WhiteElo "2279"]
[BlackElo "2461"]

1.e4 c5 2.Nf3 e6 3.d4 cxd4 4.Nxd4 a6 5.Nc3 b5 6.Bd3 Bc5 7.Be3 Qb6 8.Be2 Nc6
9.Nxc6 Bxe3 10.fxe3 dxc6 11.Qd4 Qxd4 12.exd4 e5 13.dxe5 Ne7 14.a4 b4 15.Nd1 a5
16.Ne3 Ng6 17.Nc4 Be6 18.Nd6+ Ke7 19.O-O Nxe5 20.Rad1 g6 21.Rd2 Rhd8 22.Rfd1 Rd7
23.Nc4 Bxc4 24.Rxd7+ Nxd7 25.Bxc4 Nc5 26.b3 Nxe4 27.Re1 f5 28.Bd3 Kf6 29.Bxe4 Re8
30.Kf2 Rxe4 31.Rd1 Ke7 32.Kf3 g5 33.g3 h5 34.Rd2 h4 35.Rd1 h3 36.Rd2 Re5
37.Kf2 Ke6 38.Rd1 Rc5 39.Rd2 Rc3 40.Re2+ Kf6 41.Ke1 g4 42.Kd2 Rf3 43.Ke1 Kg5
44.Re8 f4 45.Re5+ Kg6 46.gxf4 g3 47.hxg3 h2 48.Re6+ Kh5 49.Re5+ Kg4 50.Rg5+ Kh3
51.Ke2 Rxg3 52.Rxa5 Kg4 53.Kf2 h1=Q 54.Rg5+ Kxf4  0-1

[Event "V Ubeda Open"]
[Site "Ubeda ESP"]
[Date "2000.01.24"]
[Round "6"]
[White "Bjerring,K"]
[Black "Gerstner,W"]
[Result "0-1"]
[WhiteElo "2276"]
[BlackElo "2402"]

1.e4 c5 2.Nf3 e6 3.Nc3 a6 4.d4 cxd4 5.Nxd4 Qc7 6.Bd3 Nc6 7.Nxc6 dxc6 8.O-O e5
9.f4 Nf6 10.Kh1 Bc5 11.Qe1 Ng4 12.Qg3 h5 13.f5 Bd7 14.Bc4 f6 15.Nd1 b5 16.Bb3 Qb6
17.a4 b4 18.a5 Qa7 19.c3 O-O-O 20.cxb4 Bd4 21.Bd2 Kb8 22.Rf3 c5 23.Nc3 cxb4
24.Nd5 Bf2 25.Qh3 Qd4 26.Bxb4 Bc6 27.Be1 Bxe1 28.Rxe1 Nf2+ 29.Rxf2 Qxf2 30.Qc3 Rd7
31.Bc4 Bxd5 32.Bxd5 Rc8 33.Qb4+ Ka7 34.Qb6+ Qxb6 35.axb6+ Kxb6 36.Be6 Rcd8
37.Bxd7 Rxd7 38.g4 hxg4 39.Rg1 Kc5 40.Rxg4 Kd4 41.Kg2 Rb7  0-1